UBT Library

The Insiders' guide to greater Cincinnati : (Record no. 40394)

000 -LEADER
fixed length control field 00838cam a2200265 a 4500
001 - CONTROL NUMBER
control field 1658854
005 - DATE AND TIME OF LATEST TRANSACTION
control field 20180117033939.0
008 - FIXED-LENGTH DATA ELEMENTS--GENERAL INFORMATION
fixed length control field 960123s1995 kyua 001 0 eng d
010 ## - LIBRARY OF CONGRESS CONTROL NUMBER
LC control number 97124264
020 ## - INTERNATIONAL STANDARD BOOK NUMBER
International Standard Book Number 0912367784 :
Terms of availability $14.95
035 ## - SYSTEM CONTROL NUMBER
System control number (OCoLC)34067625
040 ## - CATALOGING SOURCE
Original cataloging agency NjTrCo
Transcribing agency NjTrCo
Modifying agency DLC
041 ## - LANGUAGE CODE
Language code of text/sound track or separate title eng
042 ## - AUTHENTICATION CODE
Authentication code lccopycat
043 ## - GEOGRAPHIC AREA CODE
Geographic area code n-us-oh
080 ## - UNIVERSAL DECIMAL CLASSIFICATION NUMBER
Universal Decimal Classification number 917.71780443 NEF
082 00 - DEWEY DECIMAL CLASSIFICATION NUMBER
Classification number 917.71780443 NEF
Edition number 21
100 1# - Rafti
Rafti 39
101 ## - Shkurtesa
Shkurtesa MED
245 14 - TITLE STATEMENT
Title The Insiders' guide to greater Cincinnati :
Statement of responsibility, etc by Jack Neff and Skip Tate.
246 18 - VARYING FORM OF TITLE
Title proper/short title Cincinnati
906 ## - LOCAL DATA ELEMENT F, LDF (RLIN)
a 7
b cbc
c copycat
d 2
e ncip
f 19
g y-gencatlg
942 ## - ADDED ENTRY ELEMENTS (KOHA)
Source of classification or shelving scheme
Item type Books
Holdings
Withdrawn status Lost status Source of classification or shelving scheme Damaged status Not for loan Collection code Permanent location Current location Shelving location Date acquired Total Checkouts Full call number Barcode Date last seen Price effective from Koha item type
          Koleksioni i përgjithshem UBT - Lipjan UBT - Lipjan Koleksioni i përgjithshem 01/17/2018   917.71780443 NEF 002-2995415 01/17/2018 01/17/2018 Books
UBT Library © 2015-2024. All rights reserved University Education for Business and Technology